Normal view
MARC view
Entry Nombre geográfico
001 - NÚMERO DE CONTROL
- campo de control: 127495
003 - IDENTIFICADOR DEL NÚMERO DE CONTROL
- campo de control: OSt
005 - FECHA Y HORA DE LA ÚLTIMA TRANSACCIÓN
- campo de control: 20220127112559.0
008 - DATOS DE LONGITUD FIJA
- campo de control de longitud fija: 140722nabaccnnbabn|||||||||| b |nc|||||d
040 ## - FUENTE DE LA CATALOGACIÓN
- Centro catalogador/agencia de origen: OSt
- Centro/agencia transcriptor: OSt
151 ## - ENCABEZAMIENTO--NOMBRE GEOGRÁFICO
- Nombre geográfico: Borneo
- Subdivisión general: Descripción y viaje
- Subdivisión cronológica: Siglo XIX
